|
|
|
|
| LEADER |
00000nam0a2200000 4500 |
| 001 |
17076 |
| 005 |
20231030190725.0 |
| 010 |
|
|
|a 5020085146
|
| 035 |
|
|
|a (RuTPU)RU\TPU\book\17207
|
| 035 |
|
|
|a BOOK00001895
|
| 090 |
|
|
|a 17076
|
| 100 |
|
|
|a 20011209d1990 km y0rusy50 ca
|
| 101 |
0 |
|
|a rus
|
| 102 |
|
|
|a RU
|
| 105 |
|
|
|a y z 000zy
|
| 200 |
1 |
|
|a Народное ополчение защищает Родину. Борьба народа против фашизма и агрессии
|f Под ред. Д. М. Проэктора
|
| 210 |
|
|
|a Москва
|c Наука
|d 1990
|
| 215 |
|
|
|a 379 с.
|
| 610 |
1 |
|
|a история
|
| 610 |
1 |
|
|a Россия
|
| 610 |
1 |
|
|a СССР
|
| 610 |
1 |
|
|a 20 век
|
| 610 |
1 |
|
|a народное ополчение
|
| 610 |
1 |
|
|a Великая Отечественная война 1941-1945
|
| 686 |
|
|
|a Т3(2)622.74
|v LBC/SL-A
|2 rubbk
|
| 702 |
|
1 |
|a Проэктор
|b Д. М.
|g Даниил Михайлович
|4 340
|
| 801 |
|
0 |
|a RU
|b 63413507
|c 20011209
|g PSBO
|
| 801 |
|
2 |
|a RU
|b 63413507
|c 20080321
|g PSBO
|
| 942 |
|
|
|c BK
|